000 00786nam a2200265Ia 4500
003 OSt
005 20220928124112.0
006 a|||||r|||| 00| 0
007 ta
008 220927b |||||||| |||| 00| 0 eng d
020 _cINR 1195.00
024 _a145122
037 _b4824, 24/02/2021, Govinda Book House
_cTextual
040 _aSDCL
_cSDCL
_beng
041 _2eng
_aeng
082 _aB2, R0
100 _aFarmakis Loannis
_9463367
245 0 _aGraduate course in algebra
260 _aChennai
_bWorld Scientific
_c2020
300 _axv,400p.
_ccm.
650 _aMathematics
700 _a Moskowitz Martin
_9463368
942 _hB2, R0
_cTEXL
_2CC
999 _c776286
_d776286